000
00210nam a22000977a 4500
041
_a
ENG
245
_a
Water Supply And Sanitary Engineering
260
_a
India
_b
Charotar Pub
_c
1999
650
_a
48
856
_u
48
999
_c
3131
_d
3131